000 01163nam a2200325 i 4500
003 EG-GICUC
005 20260222074554.0
008 260222s1929 fr ||||fr|||| 00| 0 fre d
040 _aEG-GiCUC
_bfre
_cEG-GiCUC
_dEG-GiCUC
_eRda
041 0 _afre
082 0 4 _221
_a341.9044
_bLE . R
092 0 4 _221
099 _aLaw1 12 341.9044 LE . R 1929
100 1 _aLe Bon, Gustave
_eAuteur
245 1 3 _aLa Révolution Française :
_bEt La Psychologie Des Révolutions /
_cDr Gustave Le Bon.
264 1 _aParis :
_bErnest Flammarion,
_c1929.
300 _a328 page,
_c 20 cm.
336 _2rda contenu
_a texte
337 _2rda medias
_aOrdinateur
338 _2 transporteur rda
_a Ressource en ligne
490 _aBibliothèque De Philosophie Scientifique
500 _aExplicables seulement par la psycho Ingit moderne, beaucoup d'événements his-toriques sont restés aussi incompris de leurs auteurs que de leurs historians,
504 _a
546 _aTexte en français
650 1 4 _aDroit international privé
830 _0`
856 4 0 _uhttps://fll.law.cu.edu.eg/fulltext/bks/B12-02087.pdf
905 _a48
942 _2ddc
_cBK
_e21
_n0
999 _c63967
_d63967